| 000 | 00531nam a2200193Ia 4500 | ||
|---|---|---|---|
| 005 | 20250508152111.0 | ||
| 008 | 008 250505s9999 xx 000 0 eng d | ||
| 037 | _aTextual | ||
| 040 |
_aFEDL _beng _cFEDL |
||
| 041 |
_aeng _2eng |
||
| 084 |
_a301.423, WAL _qFEDL |
||
| 100 | _aWaller Willard | ||
| 245 | 0 | _aFamily : A dynamic interpretation | |
| 260 |
_aNew York, USA _bThe Dryden Press _c1938 |
||
| 300 | _axviii,637p. | ||
| 650 | _aSociology | ||
| 942 |
_cTEXL _h301.423, WAL |
||
| 999 |
_c1334250 _d1334250 |
||